| 000 | 01094nam a2200325 a 4500 | ||
|---|---|---|---|
| 001 | 25819 | ||
| 003 | CO-ViMGA | ||
| 008 | 141112s2004 ck r 000 u spa d | ||
| 020 | _a9789586652681 | ||
| 040 |
_aCO-ViMGA _bspa _cCO-ViMGA |
||
| 041 | _aSPA | ||
| 090 | _aA SIS1 | ||
| 100 | 1 |
_aSís, Peter, 1949 - _940060 |
|
| 245 | 1 | 0 |
_aEl coloquio de los pájaros / _cPeter Sís ; traducción Valeria Luiselli |
| 250 | _a1a ed. | ||
| 260 |
_aBogotá : _bSexto piso, _c2013 |
||
| 300 | _a160 p. : il. col. | ||
| 490 | _aSexto Piso Ilustrado | ||
| 500 | _aTítulo original : The conference of the birds. | ||
| 650 | 1 | 4 |
_aADAPTACIONES LITERARIAS _940061 |
| 650 | 1 | 4 |
_aAUTORES CHECOSLOVACOS _940062 |
| 650 | 1 | 4 |
_aILUSTRADORES CHECOSLOVACOS _940063 |
| 650 | 1 | 4 |
_aLIBROS ILUSTRADOS _940064 |
| 650 | 1 | 4 |
_aLITERATURA CHECOSLOVACA - SIGLO XX _940065 |
| 650 | 1 | 4 |
_aLITERATURA CLASICA - ADAPTACIONES _940066 |
| 650 | 1 | 4 |
_aPREMIO HANS CHRISTIAN ANDERSEN DE ILUSTRACION, 2012 _940067 |
| 700 | 1 |
_aLuiselli, Valeria, 1983 - _940068 |
|
| 700 | 1 |
_aSís, Peter, 1949 - _940060 |
|
| 942 |
_2ddc _cBK |
||
| 999 |
_c5385 _d5385 |
||